Anyád

Bibliographic Details
Main Author: Falu, Tamás 1881-1977 (Author)
Format: Article
Language:Hungarian
Slovak
ISSN:1335-6631
Subjects:

MARC

LEADER 00000nab a2200000 a 4500
001 vtls000763272
003 SK-MaSNL
005 20260302153959.0
008 160314c2001 xo 0 hun
015 |a SNBRB2001/07-19144 
035 |a CLN000115059 
040 |a SNKBUCL  |b slo  |c SNKBUCL  |e AACR2 
041 0 |a slo 
044 |a xo  |c SK 
080 |a 894.511-1=945.11  |2 UDC-MRF-SK2 
100 1 |a Falu, Tamás  |d 1881-1977  |4 aut  |9 849909 
245 1 0 |a Anyád  |c Falu Tamás 
650 0 7 |a lyrické básne, maďarské  |2 snkbucl  |9 71024 
773 0 |x 1335-6631  |t Szabad újság  |g Roč. 9, č. 18 (2001), s. 8 
850 |a Slovenská národná knižnica v Martine 
852 |a SNK  |b KIS3GCP 
958 |a HU 
958 |a LX 
958 |a RBX 
999 |c 1367113  |d 1369043